000 00617nam a2200229Ia 4500
003 OSt
005 20220924120301.0
006 a|||||r|||| 00| 0
007 ta
008 220923b |||||||| |||| 00| 0 urd d
024 _a316398
037 _cTextual
040 _aARTS
_cARTS
_burd
041 _2urd
_aurd
082 _aO168,2N18,11, J2
100 _aDuggal Kartar Singh
_964178
245 0 _aDiya bujh gaya
260 _aDelhi
_bMaktaba Shahrah India
_c1952
650 _aURDU DRAMA
942 _hO168,2N18,11, J2
_cTEXL
_2CC
999 _c402116
_d402116